000 00605nam a22001457a 4500
005 20250319184625.0
008 250319b |||||||| |||| 00| 0 eng d
020 _a9964750749
050 _aHC1060
110 _aInstitute of Statistical, Social & Economic Research (ISSER)
245 _aThe State of the Ghanaian Economy in 2008 /
_cInstitute of Statistical, Social & Economic Research (ISSER) University of Ghana, Legon
260 _aLegon
_aGhana
_bInstitute of Statistical, Social & Economic Research (ISSER)
_bUniversity of Ghana, Legon
_cc2009
300 _axiv, 225pgs
_bill.
_c25cm
942 _2lcc
_cBK
_n0
999 _c4982
_d4982